La lingüística del siglo XX.

Zapisane w:
Opis bibliograficzny
1. autor: Mounin, Georges (autor)
Kolejni autorzy: Álvarez Pérez, Segundo (versión española)
Format: Książka
Język:hiszpański
Wydane: Madrid, España: Gredos, 1977.
Wydanie:Primera edición.
Seria:Biblioteca Románica Hispánica, III. Manuales, 40.
Hasła przedmiotowe:
Etykiety: Dodaj etykietę
Nie ma etykietki, Dołącz pierwszą etykiete!

MARC

LEADER 00000nam a2200000 a 4500
001 UCO9490
003 CL-VaPUC
005 20220822114347.0
008 010302e19770000SP |||||||||||||||||spa|d
999 |c 293695  |d 293693 
020 |a 978842491221 
040 |c Pontificia Universidad Católica de Valparaíso 
082 0 4 |a 410.9 MOU 1977  |2 21 
100 |a Mounin, Georges  |e autor  |9 322268 
245 1 3 |a La lingüística del siglo XX.  
250 |a Primera edición.  
260 |a Madrid, España:  |b Gredos,  |c 1977. 
300 |a 262 páginas.  
490 0 |a Biblioteca Románica Hispánica, III. Manuales, 40.  
500 |a c.2 Donación Familia Prof. Alejandro Guzmán Brito. 
583 |a last modification  |c 20010302 00:00:00  |k Rodrigo Vera 
650 0 |a Lingüística  |9 265068  |x Historia   |y Siglo 20 
650 0 |a Teoría lingüística   |2 CL-VaPUC  |9 493548 
700 |a Álvarez Pérez, Segundo   |e versión española  |9 866175 
942 |c BK  |2 ddc  |n 0 
945 |d 20010302 00:00:00  |a cmena 
952 |0 0  |1 0  |4 0  |6 410_900000000000000_MOU_1977  |7 0  |8 A  |9 345388  |a FDOPOS  |b FDOPOS  |d 2019-11-20  |i 368959K  |o 410.9 MOU 1977  |p 368959K  |r 2025-01-22  |w 2019-11-20  |y BK  |k MLA